Research methods for generalist social work / (Record no. 7087)

MARC details
000 -LEADER
fixed length control field 00900pam a2200265 a 4500
001 - CONTROL NUMBER
control field 3069729
003 - CONTROL NUMBER IDENTIFIER
control field mut
005 - DATE AND TIME OF LATEST TRANSACTION
control field 20240606081029.0
008 - FIXED-LENGTH DATA ELEMENTS--GENERAL INFORMATION
fixed length control field 970225s1998 caua b 001 0 eng
010 ## - LIBRARY OF CONGRESS CONTROL NUMBER
LC control number 97009557
020 ## - INTERNATIONAL STANDARD BOOK NUMBER
International Standard Book Number 0534349536 (pbk.)
040 ## - CATALOGING SOURCE
Original cataloging agency DLC
Transcribing agency DLC
Modifying agency DLC
050 00 - LIBRARY OF CONGRESS CALL NUMBER
Classification number HV11
Item number .M3493 1998
082 00 - DEWEY DECIMAL CLASSIFICATION NUMBER
Classification number 361/.0072
Edition information 21
100 1# - MAIN ENTRY--PERSONAL NAME
Personal name Marlow, Christine.
245 10 - TITLE STATEMENT
Title Research methods for generalist social work /
250 ## - EDITION STATEMENT
Edition statement 2nd ed.
260 ## - PUBLICATION, DISTRIBUTION, ETC.
Place of publication, distribution, etc. Pacific Grove, Calif. :
Name of publisher, distributor, etc. Brooks/Cole Publishing,
Date of publication, distribution, etc. c1998.
300 ## - PHYSICAL DESCRIPTION
Extent xix, 353 p. :
Other physical details ill. ;
Dimensions 24 cm.
504 ## - BIBLIOGRAPHY, ETC. NOTE
Bibliography, etc. note Includes bibliographical references and index.
650 #0 - SUBJECT ADDED ENTRY--TOPICAL TERM
Topical term or geographic name entry element Social service
General subdivision Research
-- Methodology.
906 ## - LOCAL DATA ELEMENT F, LDF (RLIN)
a 7
b cbc
c orignew
d 1
e ocip
f 19
g y-gencatlg
942 ## - ADDED ENTRY ELEMENTS (KOHA)
Source of classification or shelving scheme Library of Congress Classification
Koha item type Books
Holdings
Withdrawn status Lost status Source of classification or shelving scheme Damaged status Not for loan Home library Current library Date acquired Total checkouts Full call number Barcode Date last seen Date last checked out Price effective from Koha item type
    Library of Congress Classification     Murang'a University of Technology Library Murang'a University of Technology Library 04/04/2017 1 HV11 .M3493 1998 007125 30/08/2024 25/10/2018 04/04/2017 Books